=LDR 00000nam 2200000 4500 =001 INLIS000000000029449 =005 20130612131701 =008 ***********************************ind** =035 ##$$0010-061300000029449 =041 ##$$a ind =082 ##$$a 813 =090 ##$$a 813, MAR s =100 ##$$a Mardiyanto =245 ##$$a Si Molek menikah dengan ikan Jerawan, Mardiyanto =260 ##$$a 2004 $b Jakarta =300 ##$$a 45 hlm., ilus., 23 cm =650 ##$$a Fiksi Anak =850 ##$$a NBPNMAT